Statistics for Countries with Wild Lions

Click here to take the quiz!

General Stats

  • This quiz has been taken 78 times
  • The average score is 29 of 32

Answer Stats

Country% Correct
D.R.Congo
100%
Rep. of the Congo
99%
Zambia
99%
Zimbabwe
99%
Niger
97%
Nigeria
97%
South Africa
97%
Angola
94%
Cameroon
94%
Chad
94%
Ethiopia
94%
Namibia
93%
South Sudan
93%
Botswana
92%
Kenya
92%
Somalia
92%
Sudan
92%
Tanzania
92%
Uganda
92%
Central African Republic
89%
Mozambique
89%
Mali
88%
Ghana
86%
Malawi
85%
Senegal
85%
Togo
85%
Benin
83%
Burkina Faso
83%
Guinea
83%
Ivory Coast
83%
Guinea Bissau
76%
India
76%

Score Distribution

Percentile by Number Answered

Percent of People with Each Score

Your Score History

You have not taken this quiz